Res Gestae Czasopismo historyczne

Guardado en:
Detalles Bibliográficos
Formato: Seriadas
Lenguaje:inglés
polaco
Publicado: Kraków Wydawnictwo Naukowe Uniwersytetu Komisji Edukacji Narodowej w Krakowie
Etiquetas: Agregar Etiqueta
Sin Etiquetas, Sea el primero en etiquetar este registro!

MARC

LEADER 00000nas1a2200000 4500
001 0308656
005 20250701092136.4
022 |a 2450-4475 
022 |a 2451-0068 
041 0 |a eng 
041 0 |a pol 
044 |a PL 
245 1 0 |a Res Gestae  |b Czasopismo historyczne 
264 1 |a Kraków  |b Wydawnictwo Naukowe Uniwersytetu Komisji Edukacji Narodowej w Krakowie